| 000 | 00864nam a22002537a 4500 | ||
|---|---|---|---|
| 001 | 22118 | ||
| 005 | 20260331165326.0 | ||
| 008 | 260324b |||||||| |||| 00| 0 spa d | ||
| 020 | _a9786123331672 | ||
| 082 |
_a343.4 _bC89 T. 2 |
||
| 100 | _a, | ||
| 110 | _aGaceta Jurídica | ||
| 245 | _aNuevo código procesal constitucional comentado | ||
| 250 | _aSegunda edición | ||
| 260 |
_aLima : _bGaceta Jurídica, _c2025 |
||
| 300 |
_a878 páginas : _bCuadros ; _c25 cm. |
||
| 440 | _a ; | ||
| 650 | _aCIS | ||
| 653 | _aDerecho; Derecho constitucional; Código procesal constitucional | ||
| 654 | _aCDE | ||
| 700 |
_aSánchez, Arturo Crispín, _eCOR |
||
| 856 |
_uhttps://0u214tvt8-y-https-app-vlex-com.itmsp.museknowledge.com/search/jurisdiction:PE/nuevo+codigo+procesal+constitucional _zVéase además: Base de datos Vlex |
||
| 942 |
_dJUS _fMIP _n0 _2ddc _cLIB |
||
| 999 |
_c22118 _d22118 |
||